| 000 | 00522 a2200205 4500 | ||
|---|---|---|---|
| 005 | 20240307143946.0 | ||
| 008 | 240306b |||||||| |||| 00| 0 eng d | ||
| 020 |
_a9789356227095 _cRs. 595.00 |
||
| 040 | _aMAIN | ||
| 082 |
_a658.3 _bR18H(3) |
||
| 100 | _aRao, V S P | ||
| 245 | _aHuman resource management | ||
| 250 | _a3rd | ||
| 260 |
_bTaxmann _c2023 _aNew Delhi |
||
| 300 | _av. | ||
| 500 | _aUndergraduate curriculum framework | ||
| 650 | _aHuman Resource Management | ||
| 650 | _aManagement | ||
| 942 | _cBK | ||
| 999 |
_c311370 _d311370 |
||